000 02063nam0a2200361 i 4500
001 RU\NLR\BIBL_A\010772639
005 20260407124820.0
010 _a9785396006447
_9500
021 _aRU
_b2015-30361
_91802
035 _a(NILC)RuMoRGB-007917112
035 _a(NLR Aleph) 010772639
090 _a10029016
_c10029016
100 _a20150601d2014 u y0rusy50 ca
101 0 _arus
102 _aRU
105 _aa|||e|||001yy
200 1 _aСоциология управления
_eтеоретико-прикладной толковый словарь
_fИн-т социологии РАН, Центр социологии упр. и соц. технологий [и др.
_gАкзамов Рафик Закариевич, д.социол.н., доц. и др.]
_gотв. ред.: А.В. Тихонов
210 _aМосква
_cURSS
_cКРАСАНД
_d2014
215 _a471 с.
_cил.
_d22
300 _aВ надзаг. также: Рос. о-во социологов, Науч.-исслед. ком. "Социология орг. и упр.", Науч.-исслед. ком. "Социология гор. и регион. развития"
320 _aБиблиогр. в тексте
320 _aУказ. ст.: с. 455-466
606 _aСоциология управления
_jСловари
_92207960
_3RU\NLR\AUTH\6601560719
610 0 _aсоциология управления
686 1 _aС550.373я21
702 1 _aАкзамов
_bР. З.
_gРафик Закариевич
_4220
702 1 _4000
_8rus
_7ca
_aТихонов
_bА. В.
_cд-р социол. наук
_f1939-2021
_gАлександр Васильевич
_3RU\NLR\AUTH\7742560
_925503
712 0 2 _4570
_aИнститут социологии
_cМосква
_bЦентр социологии управления и социальных технологий
_3RU\NLR\AUTH\8810074521
_9650994
801 0 _aRU
_bРГБ
_c20150422
_gRCR
942 _cBOOK
980 _aNBR